000 00499cam a2200205ua 4500
001 7571
008 141217n ii |||gr||||Z||||||asm
020 _a9788126031979
040 _cMAIN
041 _aasm
082 _a920
100 _aHossain, I.,
_eAuthor.
245 1 _aBishnuprasad Rabha
_cBy Ismail Hossain
250 _a1st.
260 _aNew Delhi:
_bSahitya akaemi,
_c2011.
300 _a80p.
653 _aBiography, genealogy & insignia
653 _aAssamese biography
942 _cBK
999 _c6693
_d6693